[Event "SR 1. liga zapad 2010/2011"]
[Site "?"]
[Date "2011.04.10"]
[Round "11.1"]
[White "Helbich, Branislav"]
[Black "Hruskovic, Miroslav"]
[Result "1-0"]
[WhiteElo "2021"]
[BlackElo "2037"]
[PlyCount "45"]
[EventDate "2010.??.??"]

1. e4 d6 2. d4 e6 3. c4 Nf6 4. Nc3 Be7 5. Nf3 O-O 6. Be3 Nbd7 7. Bd3 Ng4 8. Qd2
e5 9. Rd1 Nxe3 10. Qxe3 exd4 11. Nxd4 Ne5 12. Be2 Bf6 13. O-O Ng4 14. Qd2 Bxd4
15. Qxd4 Qh4 16. Bxg4 Bxg4 17. Rd3 Qh6 18. Rg3 Be6 19. Nb5 c5 20. Qd3 Qf6 21.
b3 Rfd8 22. Qe3 a6 23. Nxd6 1-0

[Event "SR 1. liga zapad 2010/2011"]
[Site "?"]
[Date "2011.04.10"]
[Round "11.1"]
[White "Machalova, Maria"]
[Black "Berek, Geza"]
[Result "1-0"]
[WhiteElo "2190"]
[BlackElo "2216"]
[PlyCount "49"]
[EventDate "2010.??.??"]

1. c4 g6 2. Nc3 Bg7 3. e4 d6 4. d4 Nf6 5. f3 O-O 6. Bg5 a6 7. Qd2 Nc6 8. Nge2
Rb8 9. d5 Ne5 10. Nd4 c5 11. dxc6 bxc6 12. f4 c5 13. Nb3 Nc6 14. Be2 Nd4 15.
Rd1 Nxe2 16. Bxf6 Nxc3 17. Bxc3 Bg4 18. Rc1 Bxc3 19. Rxc3 Qc7 20. O-O Bd7 21.
f5 Kg7 22. Rh3 Rh8 23. Qh6+ Kg8 24. fxg6 fxg6 25. Rhf3 1-0

[Event "SR 1. liga zapad 2010/2011"]
[Site "?"]
[Date "2011.04.10"]
[Round "11.1"]
[White "Maslik, Miroslav"]
[Black "Kalisky, Vladimir"]
[Result "1/2-1/2"]
[WhiteElo "2402"]
[BlackElo "2273"]
[PlyCount "139"]
[EventDate "2010.??.??"]

1. Nf3 c5 2. d4 d5 3. c4 Nf6 4. cxd5 cxd4 5. Qa4+ Qd7 6. Qxd4 Qxd5 7. Nc3 Qxd4
8. Nxd4 a6 9. g3 e5 10. Nb3 Bb4 11. Bg2 Nc6 12. O-O Be6 13. Bg5 Rc8 14. Bxf6
gxf6 15. Nd5 Bxd5 16. Bxd5 a5 17. a3 a4 18. axb4 axb3 19. Bxc6+ bxc6 20. Rfc1
O-O 21. Ra3 Rb8 22. Rxb3 Rb6 23. Kf1 Rd8 24. Rc4 Rd1+ 25. Kg2 Rb1 26. Rc5 Kg7
27. b5 cxb5 28. Rbxb5 Rxb2 29. Rxb6 Rxb6 30. g4 Rb3 31. e3 Rb2 32. Kg3 Ra2 33.
h4 h6 34. Kf3 Rb2 35. Rc1 Ra2 36. Rf1 Ra4 37. Rg1 Rb4 38. Kg3 Ra4 39. Kh3 Rb4
40. Rg3 Ra4 41. Rf3 Rb4 42. Rf5 Ra4 43. Kg3 Rb4 44. f3 Ra4 45. e4 Rb4 46. g5
hxg5 47. hxg5 fxg5 48. Rxe5 Kf6 49. Rc5 Rb1 50. Rc6+ Kg7 51. Kg4 Rg1+ 52. Kh3
Kh7 53. Kh2 Ra1 54. Kg3 Kg7 55. Rc5 Kg6 56. Rc6+ Kg7 57. Rd6 Rb1 58. Rd8 Ra1
59. Kf2 Rb1 60. Rd2 Ra1 61. Ke3 Kf6 62. Rd6+ Kg7 63. e5 Re1+ 64. Kd4 g4 65.
fxg4 Rg1 66. Kd5 Rxg4 67. Rd7 Rg6 68. Rd6 Rg1 69. Kc6 Rc1+ 70. Kd5 1/2-1/2

[Event "SR 1. liga zapad 2010/2011"]
[Site "?"]
[Date "2011.04.10"]
[Round "11.1"]
[White "Siroky, Jan"]
[Black "Kovac, Andrej"]
[Result "0-1"]
[WhiteElo "2188"]
[BlackElo "2117"]
[PlyCount "62"]
[EventDate "2010.??.??"]

1. Nf3 Nf6 2. g3 g6 3. Bg2 Bg7 4. O-O O-O 5. c3 d5 6. d4 Nbd7 7. Na3 Re8 8. Bf4
c6 9. h3 Ne4 10. Ng5 e5 11. Nxe4 exf4 12. Nd6 Re6 13. Nxc8 fxg3 14. e4 gxf2+
15. Rxf2 dxe4 16. d5 cxd5 17. Qxd5 Qxc8 18. Re1 Nb6 19. Qb3 e3 20. Rfe2 Bh6 21.
Nb5 Rf6 22. a4 a6 23. Nd4 Rb8 24. Qc2 Qc7 25. b3 Qg3 26. Rf1 Bf4 27. Rf3 Qh2+
28. Kf1 Nd7 29. Ke1 Qg1+ 30. Rf1 Bg3+ 31. Kd1 Rxf1+ 0-1

[Event "SR 1. liga zapad 2010/2011"]
[Site "?"]
[Date "2011.04.10"]
[Round "11.1"]
[White "Zahorsky, Robert"]
[Black "Sarmir, Milos"]
[Result "1-0"]
[WhiteElo "1988"]
[BlackElo "2037"]
[PlyCount "181"]
[EventDate "2010.??.??"]

1. d4 Nf6 2. c4 e6 3. Nf3 d5 4. Nc3 Be7 5. Bg5 h6 6. Bxf6 Bxf6 7. e3 O-O 8. Rc1
c6 9. Be2 Nd7 10. O-O dxc4 11. Bxc4 e5 12. d5 Nb6 13. Bb3 cxd5 14. Nxd5 Be6 15.
Nxf6+ Qxf6 16. Qd6 Rfe8 17. Bxe6 Rxe6 18. Qb4 Re7 19. Rfd1 Qe6 20. b3 Rae8 21.
Rd6 Qf5 22. Rcd1 Rc7 23. Qa5 Kh7 24. h3 Rc2 25. Rf1 Qe4 26. Nd2 Qh4 27. Nf3 Qe7
28. Rfd1 e4 29. Ne1 Rc7 30. R6d2 Nc8 31. Nc2 Rc5 32. Qa3 b6 33. Nd4 Qe5 34. b4
Rc4 35. b5 Qh5 36. Rc1 Nd6 37. Rb1 Rc5 38. Qxa7 Rg5 39. Qd7 Qg6 40. g3 Nc4 41.
Re2 Ree5 42. Kh2 Rc5 43. a4 Ne5 44. Qe8 Nf3+ 45. Kg2 Rxg3+ 46. fxg3 Rg5 47. Qb8
Ne5 48. Kh2 f6 49. Rg1 Qh5 50. Rf2 Ng4+ 51. Kg2 Nxe3+ 52. Kh2 Ng4+ 53. Kg2 Nxf2
54. Kxf2 Qxh3 55. Qf4 e3+ 56. Qxe3 Re5 57. Qd3+ g6 58. Nf3 Re7 59. Qd6 Rf7 60.
Qxb6 Qf5 61. Re1 Qc2+ 62. Re2 Qxa4 63. Qe6 Kg7 64. b6 Qb4 65. Qc6 g5 66. Rc2 g4
67. Nh4 Qd4+ 68. Kg2 Qe5 69. b7 h5 70. Kh2 Qb8 71. Nf5+ Kg6 72. Nd6 h4 73. Qe4+
f5 74. Qe6+ Rf6 75. Qe8+ Qxe8 76. Nxe8 hxg3+ 77. Kxg3 Rb6 78. Rc6+ Rxc6 79.
b8=Q Re6 80. Nc7 Re3+ 81. Kg2 f4 82. Qg8+ Kf5 83. Qd5+ Re5 84. Qd3+ Kg5 85. Nd5
Re2+ 86. Kf1 f3 87. Qd4 Re6 88. Qd2+ Kh4 89. Qh2+ Kg5 90. Qf4+ Kg6 91. Qxg4+
1-0

[Event "SR 1. liga zapad 2010/2011"]
[Site "?"]
[Date "2011.04.10"]
[Round "11.2"]
[White "Blaho, Stefan"]
[Black "Vlcek, Stanislav"]
[Result "0-1"]
[WhiteElo "2094"]
[BlackElo "2257"]
[PlyCount "54"]
[EventDate "2010.??.??"]

1. d4 Nf6 2. c4 g6 3. Nc3 Bg7 4. Nf3 O-O 5. Bg5 h6 6. Bh4 c5 7. d5 d6 8. e3 e6
9. Be2 exd5 10. cxd5 Qb6 11. O-O Bg4 12. Qc2 Re8 13. Bb5 Bd7 14. Bd3 Na6 15. a3
Nc7 16. e4 Nb5 17. Nxb5 Bxb5 18. Bxb5 Qxb5 19. Rfe1 Nh5 20. Rab1 c4 21. a4 Qb4
22. Nd2 Rac8 23. Bg3 a6 24. Re3 b5 25. Ra3 c3 26. Rb3 cxd2 27. Rxb4 Rxc2 0-1

[Event "SR 1. liga zapad 2010/2011"]
[Site "?"]
[Date "2011.04.10"]
[Round "11.2"]
[White "Janos, Jozef"]
[Black "Kubica, Viktor"]
[Result "1-0"]
[WhiteElo "2181"]
[BlackElo "2015"]
[PlyCount "51"]
[EventDate "2010.??.??"]

1. d4 Nf6 2. Nf3 c5 3. d5 d6 4. c4 b5 5. cxb5 a6 6. Nc3 g6 7. e4 Bg7 8. bxa6
Bxa6 9. Bxa6 Rxa6 10. O-O O-O 11. Re1 Nbd7 12. h3 Qa8 13. Re2 h6 14. Bf4 Kh7
15. g4 e6 16. dxe6 fxe6 17. Bxd6 Nxe4 18. Bxf8 Nxc3 19. bxc3 Nxf8 20. Qd3 Ra3
21. Ne5 c4 22. Qxc4 Qa5 23. Qb4 Qa6 24. Re3 Ra4 25. Qe7 Rf4 26. Nd3 1-0

[Event "SR 1. liga zapad 2010/2011"]
[Site "?"]
[Date "2011.04.10"]
[Round "11.2"]
[White "Janos, Martin"]
[Black "Brestak, Jan"]
[Result "1-0"]
[WhiteElo "2246"]
[BlackElo "2149"]
[PlyCount "115"]
[EventDate "2010.??.??"]

1. e4 e5 2. Nf3 Nc6 3. d4 exd4 4. Nxd4 Nf6 5. Nxc6 bxc6 6. Bd3 d5 7. exd5 cxd5
8. O-O Be7 9. Bb5+ Bd7 10. Bxd7+ Qxd7 11. Nc3 O-O 12. Bg5 Rfd8 13. Qf3 h6 14.
Bh4 Rab8 15. Rad1 c6 16. b3 Rb4 17. Bg3 Rg4 18. Ne2 Ne4 19. c4 Bb4 20. cxd5 Ng5
21. Qd3 cxd5 22. f3 Bc5+ 23. Kh1 Rb4 24. Rc1 Ne6 25. f4 Be7 26. Be1 Re4 27. Ba5
Re8 28. Nc3 Rd4 29. Qh3 Ba3 30. Rb1 Bd6 31. g3 Rd2 32. Rbd1 Rc2 33. Qf5 Rxc3
34. Bxc3 d4 35. Be1 Qc6+ 36. Kg1 Bc5 37. Bf2 Bb6 38. Rfe1 Rd8 39. Qe4 Qb5 40.
Qd3 Qh5 41. Re5 Qg4 42. Qe2 Qh3 43. Qf3 g6 44. b4 Ng7 45. a4 Nf5 46. a5 Bc7 47.
Ree1 Nh4 48. Qc6 Rd6 49. Re8+ Kh7 50. Bxd4 Rxd4 51. Rxd4 Qf5 52. Qe4 Qg4 53.
Re7 Be5 54. fxe5 Qg5 55. Rxf7+ Kg8 56. Qd5 Qxe5 57. Qxe5 Nf3+ 58. Rxf3 1-0

[Event "SR 1. liga zapad 2010/2011"]
[Site "?"]
[Date "2011.04.10"]
[Round "11.2"]
[White "Pacher, Milan"]
[Black "Horvath, Mario"]
[Result "0-1"]
[WhiteElo "2399"]
[BlackElo "2320"]
[PlyCount "62"]
[EventDate "2010.??.??"]

1. e4 c5 2. Nf3 d6 3. d4 cxd4 4. Nxd4 Nf6 5. Nc3 g6 6. Bc4 Bg7 7. O-O O-O 8.
Re1 Nc6 9. Bb3 Nxd4 10. Qxd4 Qa5 11. h3 Nd7 12. Qe3 Nc5 13. Bd2 Qd8 14. Qg3
Nxb3 15. axb3 Be6 16. Qh4 Re8 17. Bg5 Qc7 18. Re2 Bxc3 19. bxc3 Qxc3 20. Rf1 f6
21. Bh6 Rac8 22. f4 Rc5 23. g4 Bd7 24. e5 Bb5 25. Rff2 Bxe2 26. Rxe2 dxe5 27.
f5 Rd8 28. g5 Qf3 29. Rg2 Rd4 30. Qg3 Qxg3 31. Rxg3 Rxc2 0-1

[Event "SR 1. liga zapad 2010/2011"]
[Site "?"]
[Date "2011.04.10"]
[Round "11.2"]
[White "Szeko, Ludovit"]
[Black "Lipka, Juraj"]
[Result "0-1"]
[WhiteElo "2078"]
[BlackElo "2414"]
[PlyCount "60"]
[EventDate "2010.??.??"]

1. e4 e6 2. d4 d5 3. exd5 exd5 4. Nf3 Nc6 5. c3 Bd6 6. Bd3 Nge7 7. Bg5 Bg4 8.
Nbd2 Qd7 9. Qc2 Qe6+ 10. Be3 f5 11. Ng5 Qf6 12. f4 O-O 13. h4 Rae8 14. Kf2 Ng6
15. g3 Rxe3 16. Kxe3 Nxd4 17. cxd4 Re8+ 18. Be4 fxe4 19. Raf1 Ne7 20. Nb3 Nf5+
21. Kf2 e3+ 22. Kg1 e2 23. Re1 Bb4 24. Kh2 Bxe1 25. Rxe1 h6 26. Nh3 Bxh3 27.
Rxe2 Ne3 28. Rxe3 Rxe3 29. Kxh3 Qe6+ 30. f5 Qe4 0-1

[Event "SR 1. liga zapad 2010/2011"]
[Site "?"]
[Date "2011.04.10"]
[Round "11.2"]
[White "Todor, Razvan"]
[Black "Szucs, Vladimir"]
[Result "1-0"]
[WhiteElo "2221"]
[BlackElo "2130"]
[PlyCount "37"]
[EventDate "2010.??.??"]

1. c4 c5 2. Nf3 g6 3. Nc3 Bg7 4. d4 cxd4 5. Nxd4 Nc6 6. Nc2 d6 7. e4 Nf6 8. Be2
O-O 9. O-O Nd7 10. Be3 Bxc3 11. bxc3 Qa5 12. Qd2 Nc5 13. f3 Na4 14. Nb4 Nxc3
15. Nxc6 Nxe2+ 16. Kf2 Qxd2 17. Nxe7+ Kg7 18. Bxd2 Be6 19. Nd5 1-0

[Event "SR 1. liga zapad 2010/2011"]
[Site "?"]
[Date "2011.04.10"]
[Round "11.3"]
[White "Amrich, Martin"]
[Black "Garban, Mario"]
[Result "1/2-1/2"]
[WhiteElo "1966"]
[BlackElo "1931"]
[PlyCount "73"]
[EventDate "2010.??.??"]

1. e4 e5 2. Nf3 Nc6 3. Bb5 Nf6 4. O-O d6 5. d4 exd4 6. Nxd4 Bd7 7. Nc3 Nxd4 8.
Bxd7+ Qxd7 9. Qxd4 Be7 10. b3 O-O 11. Bb2 Qg4 12. f3 Qg6 13. Rad1 Rfd8 14. Rd2
d5 15. exd5 c6 16. Re1 Bf8 17. Qh4 Nxd5 18. Ne4 Be7 19. Qg3 Qxg3 20. Nxg3 Bf6
21. Bxf6 Nxf6 22. Red1 Rxd2 23. Rxd2 Re8 24. Kf2 g6 25. Rd6 Kg7 26. Ne2 Re7 27.
Nc3 Rd7 28. Rxd7 Nxd7 29. Ne4 b6 30. Ke3 Kf8 31. Kd4 Ke7 32. c4 f5 33. Nf2 Kd6
34. Nd3 c5+ 35. Ke3 Ne5 36. Nxe5 Kxe5 37. f4+ 1/2-1/2

[Event "SR 1. liga zapad 2010/2011"]
[Site "?"]
[Date "2011.04.10"]
[Round "11.3"]
[White "Dlhy, Jozef"]
[Black "Vrablik, Miroslav"]
[Result "1/2-1/2"]
[WhiteElo "2075"]
[BlackElo "2106"]
[PlyCount "43"]
[EventDate "2010.??.??"]

1. d4 Nf6 2. c4 c5 3. Nf3 cxd4 4. Nxd4 e5 5. Nb5 d5 6. cxd5 Bc5 7. e3 O-O 8.
Be2 e4 9. N1c3 Nbd7 10. a3 a5 11. b3 Nb6 12. Bb2 Nbxd5 13. Nxd5 Qxd5 14. Qxd5
Nxd5 15. O-O-O Nf6 16. Bxf6 gxf6 17. Kb2 Be6 18. Nc3 f5 19. Nd5 Rfd8 20. Nc7
Rac8 21. Nxe6 fxe6 22. Rxd8+ 1/2-1/2

[Event "SR 1. liga zapad 2010/2011"]
[Site "?"]
[Date "2011.04.10"]
[Round "11.3"]
[White "Justus, Ivan"]
[Black "Hanko, Pavol"]
[Result "0-1"]
[WhiteElo "2191"]
[BlackElo "2179"]
[PlyCount "113"]
[EventDate "2010.??.??"]

1. e4 c5 2. Nf3 e6 3. d4 cxd4 4. Nxd4 Nf6 5. Nc3 d6 6. Be3 a6 7. f3 b5 8. Qd2
Nbd7 9. g4 h6 10. h4 Bb7 11. O-O-O b4 12. Na4 Qa5 13. b3 Nc5 14. a3 Nxa4 15.
axb4 Qc7 16. bxa4 Nd7 17. a5 Ne5 18. Bf4 Be7 19. Be2 Rc8 20. Bg3 Nc4 21. Qc3
Bf6 22. Qxc4 Qxc4 23. Bxc4 Rxc4 24. Nb3 d5 25. Bd6 dxe4 26. Nc5 Rxb4 27. Nxe6
Ra4 28. Nc5 Ra2 29. c4 Bc6 30. Nxe4 Bxe4 31. fxe4 Rxa5 32. Kc2 Be5 33. Bxe5
Rxe5 34. Kd3 Ke7 35. Kd4 f6 36. Rb1 Rd8+ 37. Ke3 Rd7 38. Rb6 a5 39. Rb5 Ra7 40.
Kd4 Re6 41. c5 a4 42. Ra1 a3 43. Rb3 a2 44. Rb2 Ra4+ 45. Kd5 Re5+ 46. Kc6 Rc4
47. Rb7+ Ke6 48. Rb5 Rc2 49. Kb6 Rxe4 50. Ra5 Ree2 51. Kc7 g6 52. c6 f5 53.
gxf5+ gxf5 54. Kb7 Rb2+ 55. Kc8 Kd6 56. Rd1+ Kxc6 57. Rxf5 0-1

[Event "SR 1. liga zapad 2010/2011"]
[Site "?"]
[Date "2011.04.10"]
[Round "11.3"]
[White "Kaniansky, Miroslav"]
[Black "Pinter, Patrik"]
[Result "1-0"]
[WhiteElo "2185"]
[BlackElo "2189"]
[PlyCount "83"]
[EventDate "2010.??.??"]

1. d4 Nf6 2. Nf3 g6 3. c4 Bg7 4. Nc3 d6 5. e4 O-O 6. Be2 Nbd7 7. O-O e5 8. Re1
c6 9. Bf1 Qc7 10. Bg5 Re8 11. d5 c5 12. Nd2 a6 13. a3 h6 14. Be3 Nf8 15. f3 Nh5
16. b4 b6 17. Rb1 Bd7 18. a4 Nh7 19. a5 bxa5 20. bxc5 dxc5 21. Nb3 Bf8 22. Ra1
Reb8 23. Na4 Bxa4 24. Rxa4 Rb4 25. Nxa5 Rxa4 26. Qxa4 Rb8 27. Nc6 Rb6 28. Bd2
Qd6 29. Ba5 Rb7 30. Bc3 Bg7 31. Qxa6 Rb3 32. Qa8+ Nf8 33. Qa2 Rxc3 34. Qb2 Rxf3
35. gxf3 Nf4 36. Qb8 Qd7 37. Rb1 Nh3+ 38. Kg2 Ng5 39. Kf2 Nxe4+ 40. fxe4 Qg4
41. Bg2 h5 42. Qb3 1-0

[Event "SR 1. liga zapad 2010/2011"]
[Site "?"]
[Date "2011.04.10"]
[Round "11.3"]
[White "Lakatos, Vladimir"]
[Black "Gorusa, Miroslav"]
[Result "0-1"]
[WhiteElo "2162"]
[BlackElo "2136"]
[PlyCount "60"]
[EventDate "2010.??.??"]

1. c4 e5 2. Nc3 Nf6 3. f4 exf4 4. d4 Nh5 5. Nf3 Be7 6. Qd3 c6 7. e4 fxe3 8.
Bxe3 O-O 9. g4 Nf6 10. Rg1 d5 11. g5 Ne4 12. Nxe4 dxe4 13. Qxe4 Bb4+ 14. Kf2
Re8 15. Qc2 Nd7 16. Bd3 Nf8 17. a3 Bd6 18. Rae1 Bd7 19. h4 Qc7 20. c5 Bf4 21.
Bxh7+ Nxh7 22. g6 Nf8 23. gxf7+ Kxf7 24. Bxf4 Qxf4 25. Qb3+ Kf6 26. Qg8 Ng6 27.
Qh7 Bg4 28. Rxg4 Qxg4 29. Rg1 Qxg1+ 30. Kxg1 Rh8 0-1

[Event "SR 1. liga zapad 2010/2011"]
[Site "?"]
[Date "2011.04.10"]
[Round "11.3"]
[White "Ondrus, Martin"]
[Black "Dobrotka, Martin"]
[Result "1-0"]
[WhiteElo "2284"]
[BlackElo "2238"]
[PlyCount "107"]
[EventDate "2010.??.??"]

1. e4 e6 2. d4 d5 3. Nd2 Nf6 4. e5 Nfd7 5. Bd3 c5 6. c3 Nc6 7. Ne2 cxd4 8. cxd4
f6 9. exf6 Qxf6 10. Nf3 Bd6 11. O-O h6 12. Ng3 O-O 13. Bc2 Rd8 14. Re1 Nf8 15.
Ne5 Qh4 16. f4 Nxe5 17. fxe5 Be7 18. Rf1 Bg5 19. Qd3 Bd7 20. Rf3 Rac8 21. Bxg5
hxg5 22. a4 Rxc2 23. Qxc2 Qxd4+ 24. Kh1 Qxe5 25. Qd2 Nh7 26. Re1 Qd6 27. Ne4
Qe7 28. Nf2 Bxa4 29. Rfe3 Nf8 30. Re5 Bc6 31. Rxg5 d4 32. Ng4 Nh7 33. Rg6 Nf8
34. Nh6+ Kh8 35. Nf5 Qf7 36. Rxg7 Qxf5 37. Qh6+ Nh7 38. Rxh7+ Qxh7 39. Qf6+ Qg7
40. Qxd8+ Kh7 41. Qh4+ Kg8 42. Qf2 e5 43. Rd1 Qf7 44. Qe2 Qd5 45. Rf1 Qe4 46.
Qf2 Qf4 47. Qxf4 exf4 48. Rxf4 d3 49. Rd4 Bb5 50. g4 Kf7 51. Kg2 Kf6 52. Kf3
Ke5 53. Ke3 a5 54. g5 1-0

[Event "SR 1. liga zapad 2010/2011"]
[Site "?"]
[Date "2011.04.10"]
[Round "11.3"]
[White "Reisel, Frantisek"]
[Black "Pindes, Robert"]
[Result "0-1"]
[WhiteElo "2079"]
[BlackElo "2014"]
[PlyCount "118"]
[EventDate "2010.??.??"]

1. d4 Nf6 2. c4 g6 3. Nc3 Bg7 4. e4 d6 5. f3 e5 6. Be3 exd4 7. Bxd4 Nc6 8. Be3
O-O 9. Nge2 Be6 10. Nf4 Ne5 11. Nxe6 fxe6 12. Be2 a6 13. O-O c6 14. Qb3 Qe7 15.
Rad1 b5 16. cxb5 axb5 17. a3 Nf7 18. Rd2 d5 19. Qc2 Ne5 20. Rfd1 Nc4 21. Bxc4
bxc4 22. Re2 Nd7 23. Bf2 Qg5 24. exd5 exd5 25. Be3 Qh4 26. Qd2 Be5 27. g3 Bxc3
28. Qxc3 Qf6 29. Qxf6 Rxf6 30. Bf4 Nc5 31. Kg2 Nd3 32. Bg5 Rf7 33. Rdd2 Rb7 34.
Bf6 Kf7 35. Bd4 c5 36. Be5 Ra6 37. f4 Rb3 38. g4 Re6 39. g5 d4 40. Rc2 Reb6 41.
Rxc4 Rxb2 42. Rxb2 Rxb2+ 43. Kf3 Ke6 44. Bf6 Kd5 45. Ra4 Rxh2 46. Ra7 Rf2+ 47.
Kg3 Rxf4 48. Rxh7 Ke4 49. Re7+ Kf5 50. a4 Re4 51. Rc7 Re6 52. Be7 Ke4 53. a5
Kd5 54. Bf6 Nc1 55. Bd8 d3 56. Be7 Nb3 57. Rd7+ Kc4 58. Bd8 d2 59. Bb6 Nd4 0-1

[Event "SR 1. liga zapad 2010/2011"]
[Site "?"]
[Date "2011.04.10"]
[Round "11.5"]
[White "Ac, Michal"]
[Black "Miklas, Marian"]
[Result "1/2-1/2"]
[WhiteElo "2177"]
[BlackElo "2139"]
[PlyCount "46"]
[EventDate "2010.??.??"]

1. Nf3 g6 2. c4 Bg7 3. d4 Nf6 4. Nc3 O-O 5. e4 d6 6. Be2 e5 7. O-O Nc6 8. Be3
Ng4 9. Bg5 f6 10. Bh4 g5 11. Bg3 Nh6 12. d5 Ne7 13. Nd2 f5 14. exf5 Nexf5 15.
Nde4 Nd4 16. Bd3 g4 17. Re1 Kh8 18. Nb5 Bf5 19. Nxd4 exd4 20. c5 Nf7 21. Nxd6
Bxd3 22. Nxf7+ Rxf7 23. Qxd3 Qxd5 1/2-1/2

[Event "SR 1. liga zapad 2010/2011"]
[Site "?"]
[Date "2011.04.10"]
[Round "11.5"]
[White "Doucha, Ludvik"]
[Black "Sulek, Viliam"]
[Result "1/2-1/2"]
[WhiteElo "2099"]
[BlackElo "2144"]
[PlyCount "50"]
[EventDate "2010.??.??"]

1. e4 c5 2. c4 Nc6 3. Ne2 e5 4. d3 d6 5. Nbc3 g6 6. Be3 Bg7 7. Qd2 Nd4 8. Nd5
Be6 9. Nec3 Nf6 10. Nxf6+ Bxf6 11. Be2 Bg7 12. O-O O-O 13. f4 f5 14. fxe5 dxe5
15. exf5 gxf5 16. Bf3 Nxf3+ 17. Rxf3 b6 18. Bh6 f4 19. Bxg7 Kxg7 20. Qe2 Qd4+
21. Rf2 Bf5 22. Nb5 Qe3 23. Qxe3 fxe3 24. Re2 Bxd3 25. Rxe3 Bxc4 1/2-1/2

[Event "SR 1. liga zapad 2010/2011"]
[Site "?"]
[Date "2011.04.10"]
[Round "11.5"]
[White "Hertel, Ondrej"]
[Black "Hudec, Jan"]
[Result "1-0"]
[WhiteElo "2072"]
[BlackElo "2067"]
[PlyCount "99"]
[EventDate "2010.??.??"]

1. d4 d5 2. Nf3 c6 3. c4 e6 4. Nc3 dxc4 5. a4 Bb4 6. e3 b5 7. Bd2 a5 8. axb5
Bxc3 9. Bxc3 cxb5 10. b3 Bb7 11. bxc4 b4 12. Bd2 Nf6 13. c5 O-O 14. Bb5 Nc6 15.
O-O Ne4 16. Qc2 f5 17. Ra4 Qd5 18. Bc4 Qd7 19. Rfa1 Rf6 20. Bb5 Nxd2 21. Qxd2
Rg6 22. Qa2 Qc7 23. Ne1 Na7 24. Bc4 Qc6 25. f3 Rd8 26. Rxa5 Nc8 27. Ba6 f4 28.
Bxb7 Qxb7 29. Qe2 fxe3 30. Rb5 Qd5 31. Rxb4 e5 32. Nc2 e4 33. Nxe3 exf3 34.
Nxd5 fxe2 35. Nf4 Ra6 36. Re1 Ne7 37. Rxe2 Nc6 38. Ne6 Rd7 39. Rc4 Ra1+ 40. Kf2
Rd1 41. Rb2 Nxd4 42. Nxd4 R1xd4 43. Rxd4 Rxd4 44. Rc2 Rd7 45. c6 Rc7 46. Ke3
Kf7 47. Kd4 Ke7 48. Kc5 Kd8 49. Ra2 Rc8 50. Ra7 1-0

[Event "SR 1. liga zapad 2010/2011"]
[Site "?"]
[Date "2011.04.10"]
[Round "11.5"]
[White "Nicolini, Alexander"]
[Black "Hacik, Radomir"]
[Result "0-1"]
[WhiteElo "2152"]
[BlackElo "2176"]
[PlyCount "56"]
[EventDate "2010.??.??"]

1. e4 c6 2. d4 d5 3. exd5 cxd5 4. Bd3 g6 5. Nf3 Bg7 6. O-O Nf6 7. Re1 O-O 8.
Nbd2 Nc6 9. c3 Qd6 10. Ne5 Nd7 11. Nxd7 Bxd7 12. Nf3 f6 13. c4 Bg4 14. h3 Be6
15. Bf4 Qd7 16. Qe2 Bf7 17. Rad1 Rfe8 18. cxd5 Bxd5 19. Bc4 Rad8 20. b3 a6 21.
Be3 e6 22. Bd3 Bf8 23. h4 Bb4 24. Bd2 Bxf3 25. Qxf3 Qxd4 26. Bxb4 Qxb4 27. Qxf6
Rxd3 28. h5 Qd4 0-1

[Event "SR 1. liga zapad 2010/2011"]
[Site "?"]
[Date "2011.04.10"]
[Round "11.5"]
[White "Petrik, Tomas"]
[Black "Havlicek, Libor"]
[Result "1-0"]
[WhiteElo "2536"]
[BlackElo "2330"]
[PlyCount "101"]
[EventDate "2010.??.??"]

1. d4 Nf6 2. c4 c5 3. d5 b5 4. cxb5 a6 5. b6 d6 6. Nc3 Nbd7 7. a4 Qxb6 8. a5
Qc7 9. Nf3 g6 10. e4 Bg7 11. h3 O-O 12. Bc4 Re8 13. O-O Nf8 14. Bf4 h6 15. Bh2
N6d7 16. Qd3 g5 17. e5 Nxe5 18. Nxe5 dxe5 19. h4 gxh4 20. f4 e6 21. fxe5 Bxe5
22. d6 Bd4+ 23. Qxd4 cxd4 24. dxc7 dxc3 25. bxc3 Re7 26. Rab1 Ra7 27. Rb8 Rexc7
28. Bxc7 Rxc7 29. Rd1 Kg7 30. Be2 Bb7 31. Rb1 Bd5 32. c4 Be4 33. Rd1 Rc5 34.
Rd4 f5 35. Bh5 Ng6 36. Bxg6 Kxg6 37. Rd6 Kf7 38. Rh8 Rxc4 39. Rxh6 Bd5 40. Rd7+
Kg8 41. Rg6+ Kf8 42. Ra7 f4 43. Kh2 Rc2 44. Kh3 Ra2 45. Rgg7 Rc2 46. Rgf7+ Kg8
47. Rfd7 Rc8 48. Kxh4 f3 49. gxf3 Bxf3 50. Kg5 Rc5+ 51. Kh6 1-0

[Event "SR 1. liga zapad 2010/2011"]
[Site "?"]
[Date "2011.04.10"]
[Round "11.5"]
[White "Ruckschloss, Karol"]
[Black "Drtina, Milan"]
[Result "1-0"]
[WhiteElo "2271"]
[BlackElo "2247"]
[PlyCount "81"]
[EventDate "2010.??.??"]

1. c4 e5 2. Nc3 Nc6 3. g3 g6 4. Bg2 Bg7 5. e3 Nge7 6. Nge2 Nf5 7. Rb1 a5 8. a3
d6 9. b4 axb4 10. axb4 Be6 11. Nd5 O-O 12. O-O Na7 13. e4 Nd4 14. Nxd4 exd4 15.
d3 c6 16. Nf4 Bd7 17. Qc2 Nc8 18. Bd2 Ne7 19. Ra1 Qc7 20. Rfc1 f5 21. Qb2 fxe4
22. Bxe4 Bg4 23. h3 Bd7 24. Rxa8 Rxa8 25. Re1 Re8 26. Bg2 Qc8 27. g4 Kh8 28.
Qa1 Ng8 29. Rxe8 Bxe8 30. Qa7 Nh6 31. Ne2 Nf7 32. f4 h5 33. gxh5 gxh5 34. Nxd4
c5 35. Ne2 cxb4 36. Bxb4 Bc6 37. Bxc6 Qxc6 38. Qe3 d5 39. cxd5 Qg6+ 40. Kf2 Nh6
41. d6 1-0

[Event "SR 1. liga zapad 2010/2011"]
[Site "?"]
[Date "2011.04.10"]
[Round "11.5"]
[White "Slapak, Zdenek"]
[Black "Arendas, Marek"]
[Result "1-0"]
[WhiteElo "2133"]
[BlackElo "2089"]
[PlyCount "69"]
[EventDate "2010.??.??"]

1. c4 e5 2. Nc3 Nc6 3. Nf3 d6 4. d4 exd4 5. Nxd4 Bd7 6. Bf4 Nge7 7. e3 Ng6 8.
Bg3 Be7 9. Be2 O-O 10. O-O Nxd4 11. Qxd4 Bf6 12. Qd2 Bc6 13. Rac1 Bh4 14. Nd5
Bxg3 15. hxg3 b6 16. f4 f5 17. Bf3 Kh8 18. Kf2 Qd7 19. Qd4 Rf7 20. Rh1 Re8 21.
Rh3 Kg8 22. Rch1 Nf8 23. Rh4 Qe6 24. Nf6+ Qxf6 25. Bxc6 Qxd4 26. exd4 Ree7 27.
Bd5 Ne6 28. Rxh7 g6 29. Rxf7 Kxf7 30. Rh7+ Kf6 31. Rxe7 Kxe7 32. Bxe6 Kxe6 33.
d5+ Kf6 34. Kf3 g5 35. g4 1-0

[Event "SR 1. liga zapad 2010/2011"]
[Site "?"]
[Date "2011.04.10"]
[Round "11.5"]
[White "Sturc, Jan"]
[Black "Puchart, Vladimir"]
[Result "0-1"]
[WhiteElo "1988"]
[BlackElo "2064"]
[PlyCount "66"]
[EventDate "2010.??.??"]

1. e4 c5 2. Nf3 d6 3. d4 cxd4 4. Nxd4 Nf6 5. Nc3 a6 6. Bg5 Nbd7 7. f4 Qc7 8.
Qf3 g6 9. O-O-O Bg7 10. g4 O-O 11. Rg1 Qc5 12. Rg3 Rb8 13. Nb3 Qa7 14. Qe2 h6
15. Bh4 e5 16. Rgd3 exf4 17. Bf2 b6 18. Rxd6 Ne5 19. h3 Qc7 20. Kb1 b5 21. R6d4
Nc4 22. Qf3 Be6 23. e5 Qxe5 24. Rxf4 Nd5 25. Re4 Nxc3+ 26. bxc3 Qxc3 27. Qxc3
Bxc3 28. Nc5 Nd2+ 29. Rxd2 Bxd2 30. Nxe6 fxe6 31. Re2 Bc3 32. Bg2 Rbd8 33. Kc1
Rd2 0-1

[Event "SR 1. liga zapad 2010/2011"]
[Site "?"]
[Date "2011.04.10"]
[Round "11.6"]
[White "Cajka, Tibor"]
[Black "Djubek, Boris"]
[Result "1-0"]
[WhiteElo "2104"]
[BlackElo "2175"]
[PlyCount "81"]
[EventDate "2010.??.??"]

1. e4 c5 2. Nf3 d6 3. d4 Nf6 4. Nc3 cxd4 5. Nxd4 a6 6. Be3 e5 7. Nf3 Qc7 8. Be2
Be7 9. O-O O-O 10. h3 b5 11. Nd5 Nxd5 12. exd5 Nd7 13. c4 bxc4 14. Rc1 Qb7 15.
Bxc4 Nb6 16. Bb3 Bd7 17. Ng5 h6 18. Ne4 Rac8 19. Qf3 Rxc1 20. Rxc1 Rc8 21. Rc6
Bxc6 22. dxc6 Qxc6 23. Qxf7+ Kh8 24. Qxe7 Qxe4 25. Bxb6 d5 26. Qf7 d4 27. Be6
Rb8 28. Bc7 Ra8 29. Ba5 Qb1+ 30. Kh2 Qxb2 31. Bd5 Rc8 32. Qf5 Qc1 33. g3 Qc5
34. Be4 Kg8 35. Bb4 Qc7 36. Bd6 Qxd6 37. Qxc8+ Kf7 38. Qb7+ Kf6 39. Bd3 a5 40.
Qe4 g5 41. Qh7 1-0